000 00828nam a2200229 i 4500
020 _a0395250706
082 0 0 _a658.301
_bHIL
_cD
100 1 _aHilgert, Raymond L.
_944589
245 1 0 _aCases and policies in human resources management.
250 _a3d ed. /
260 _aBoston :
_bHoughton Mifflin,
_cc1978.
300 _aix, 373 p. :
_bill. ;
_c24 cm.
500 _aFirst-2d ed. by J. W. Towle, S. H. Schoen, R. L. Hilgert published under title: Problems and policies in personnel management.
500 _aIncludes bibliographical references.
526 _a0
_b0
_c0
_d658_301000000000000_HIL
650 0 _aMCE
_9379
650 0 _aPersonnel management
_xCase studies.
_944590
700 1 _aSchoen, Sterling Harry,
_944591
700 1 _aTowle, Joseph W.
_944592
700 1 _aTowle, Joseph W.,
_944593
942 _2ddc
_cBK
999 _c548341
_d548341